| 000 | 01836nam a2200481 i 4500 | ||
|---|---|---|---|
| 001 | 52660 | ||
| 003 | KOSZ 005 | ||
| 005 | 20200622094146.0 | ||
| 008 | 041130s2004 pl a f f |001 0 pol | ||
| 015 | _aPB 2004/23684 | ||
| 020 | _a832042948X | ||
| 040 |
_aWA N _cWA N _dKOSZ 005/HR |
||
| 041 | 1 |
_apol _heng |
|
| 046 | _k2004 | ||
| 080 | _a519.2 | ||
| 080 | _a(075.8) | ||
| 100 | 1 |
_aKotulski, Zbigniew _d(1955- ) _eAutor |
|
| 245 | 1 | 0 |
_aRachunek błędów dla inżynierów / _cZbigniew Kotulski, Wojciech Szczepiński. |
| 246 | 1 |
_iTyt. oryg.: _aError analysis with applications in engineering. |
|
| 260 |
_aWarszawa : _bWydawnictwa Naukowo-Techniczne, _ccop. 2004. |
||
| 300 |
_a268 s. : _brys., tab., wykr. ; _c24 cm. |
||
| 336 |
_2rdacontent _aTekst _btxt |
||
| 337 |
_2rdamedia _aBez urządzenia pośredniczącego _bn |
||
| 338 |
_2rdacarrier _aWolumin _bnc |
||
| 380 | _aKsiążki | ||
| 380 | _aPublikacje dydaktyczne | ||
| 385 |
_mPoziom nauczania _aSzkoły wyższe |
||
| 388 | _a2001- | ||
| 500 | _aPodręcznik jest popr. i uzup. przekładem książki pt.: Error analysis with applications in engineering, 2000. | ||
| 504 | _aBibliogr. s. 259-263. Indeks. | ||
| 521 | 8 | _aDla studentów i doktorantów wyższych uczelni technicznych oraz inżynierów i pracowników naukowych. | |
| 658 | _aMatematyka | ||
| 655 | 4 | _aPodręczniki akademickie | |
| 650 | 4 | _aPomiary | |
| 650 | 4 | _aStatystyka matematyczna | |
| 650 | 4 | _aRachunek prawdopodobieństwa | |
| 650 | 4 | _aTeoria błędów | |
| 650 | 4 | _aBłędy | |
| 710 | 2 |
_aWydawnictwa Naukowo-Techniczne _4pbl. |
|
| 700 | 1 |
_aSzczepiński, Wojciech _d(1924-2010) _eAutor |
|
| 856 |
_uhttp://koha.tu.koszalin.pl/cgi-bin/koha/opac-detail.pl?biblionumber=52660 _yKatalog online BPK |
||
| 942 |
_2UKD _cKS |
||
| 999 |
_c52660 _d52660 |
||